000 00874nam a22003017a 4500
001 BR9802361
003 BR-BrBNA
005 20230928095915.0
007 ta
008 230509b bl.||||| |||| 00| 0 por d
040 _aBR-BrBNA
_bpor
_cBiblioteca Nacional de Agricultura
041 _a(Por)
072 _aE40
090 _ E40 BR9802361
110 1 _aInstituto de Cooperativismo e Associativismo, Sao Paulo, SP (Brasil)
_95992
110 1 _aSecretaria de Agricultura e Abastecimento, Sao Paulo, SP (Brasil). Coordenadoria Socio-Economica
245 1 _aOrganizacao de associacoes
250 1 _a4. ed.
260 3 _aSao Paulo, SP (Brasil):
_c1995.
300 _a39 p.
650 _aCooperativa
650 _aAssociativismo
650 _aAdministracao
650 _aLegislacao
650 _aDecreto
909 _a202309
_bLucia
_c55
_dLucia Elande
942 _cBK
999 _c59340
_d59340